Pola pengamalan profesionalisme dalam industri filem Malaysia / (Record no. 3835)

000 -LEADER
fixed length control field nam a22 a 4500
003 - CONTROL NUMBER IDENTIFIER
control field AKMAL
005 - DATE AND TIME OF LATEST TRANSACTION
control field 20170524093059.0
008 - FIXED-LENGTH DATA ELEMENTS--GENERAL INFORMATION
fixed length control field 170524s1996 my a e 000 0dmay d
020 ## - INTERNATIONAL STANDARD BOOK NUMBER
International Standard Book Number 9839942301 : c RM15.00
082 04 - DEWEY DECIMAL CLASSIFICATION NUMBER
Classification number 791.43709595 ASI
Edition number 21
090 00 - LOCALLY ASSIGNED LC-TYPE CALL NUMBER (OCLC); LOCAL CALL NUMBER (RLIN)
Classification number (OCLC) (R) ; Classification number, CALL (RLIN) (NR) 791.43709595
Local cutter number (OCLC) ; Book number/undivided call number, CALL (RLIN) ASI
100 0# - MAIN ENTRY--PERSONAL NAME
Personal name Asiah Sarji
9 (RLIN) 7576
245 10 - TITLE STATEMENT
Title Pola pengamalan profesionalisme dalam industri filem Malaysia /
Statement of responsibility, etc. Dr. Asiah Sarji, Dr. Faridah Ibrahim & Mazni Buyung
260 ## - PUBLICATION, DISTRIBUTION, ETC.
Place of publication, distribution, etc. Kuala Lumpur :
Name of publisher, distributor, etc. Perbadanan Kemajuan Filem Nasional Malaysia (FINAS),
Date of publication, distribution, etc. 1996
300 00 - PHYSICAL DESCRIPTION
Extent xxiii, 111ms. :
Other physical details il. ;
Dimensions 23cm
504 ## - BIBLIOGRAPHY, ETC. NOTE
Bibliography, etc. note Bibliografi: ms. 109-111
650 10 - SUBJECT ADDED ENTRY--TOPICAL TERM
Topical term or geographic name entry element Motion pictures industry
General subdivision Research
Geographic subdivision Malaysia
9 (RLIN) 7577
700 0# - ADDED ENTRY--PERSONAL NAME
Personal name Faridah Ibrahim
9 (RLIN) 7578
700 0# - ADDED ENTRY--PERSONAL NAME
Personal name Mazni Buyong
9 (RLIN) 7579
942 ## - ADDED ENTRY ELEMENTS (KOHA)
Source of classification or shelving scheme
Koha item type Book
Holdings
Withdrawn status Lost status Source of classification or shelving scheme Damaged status Not for loan Collection code Home library Current library Shelving location Date acquired Inventory number Total Checkouts Full call number Barcode Date last seen Price effective from Koha item type
          NON-FICTION AKMAL Melaka AKMAL Melaka PINJAMAN 24.05.2017 700151   791.43709595 ASI 201704867 24.05.2017 24.05.2017 Book
Pusat Sumber Maklumat Dato' Haji Sarmin Md Hussin, Akademi Kastam Diraja Malaysia, Melaka
Tel: 06-2331106 | Faks: 06-2313787